Ruderal plant communities of north-eastern Slovakia II. Chenopodietea, Plantaginetea

Podrobná bibliografia
Hlavní autori: Jarolímek, Ivan, 1954- (Autor), Mária, Zaliberová (Autor)
Médium: Článok
Jazyk:slovenčina
angličtina

MARC

LEADER 00000nab a22000007a 4500
001 vtls010676137
003 SK-MaSNL
005 20260304184237.0
008 250708s1995 xo |||||||||||||||||slo|
035 |a (urnnbn)urn:nbn:sk:snk:ar-a06otv 
035 |a (uuid)97fb6e47-a75c-4fde-a355-c3fb03be4546 
035 |a urn:nbn:sk:snk-ab1b8e 
040 |a SNKBUCL  |b slo  |c SNKBUCL  |e AACR2 
041 0 |a eng 
044 |a xo  |c SK 
100 1 |a Jarolímek, Ivan,  |d 1954-  |4 aut  |9 113758 
245 1 0 |a Ruderal plant communities of north-eastern Slovakia II. Chenopodietea, Plantaginetea  |c Ivan Jarolímek 
700 1 |a Mária, Zaliberová  |4 aut  |9 1517462 
773 0 |t Thaiszia : journal of botany  |g Roč. 5, č. 1 (1995), s. 61-79 
850 |a Slovenská národná knižnica 
852 |a Slovenská národná knižnica 
958 |a article 
958 |a OND 
958 |a EUIPO 
999 |c 3037052  |d 3038982